LEADER 01171nam a2200277 i 4500 001 000000247345 003 CaOOAMICUS 005 20160112000000.0 008 160112s2015 it u000 u ita u 013 $a226250 020 $a978-88-8123-928-3 040 $aSeMil$bita 100 1 $aFrangi, Giuseppe.$0(OLS)http://semarc/name/26669 245 10$aRicchezza /$cGiuseppe Frangi, con un contributo di Luigi Galli Stampino. 260 $aMilano :$bIn Dialogo,$ccopyr. 2015. 300 $a52 p. ;$c17 cm. 490 0 $aAgape : parole per capire, ascoltare, capirsi 500 $aIn copertina : Parole per capire ascoltare capirsi. 650 4$aRicchezza - Concezione cristiana.$0(OLS)http://semarc/subject/15295 700 1 $aGalli Stampino, Pierluigi,$c.$0(OLS)http://semarc/name/93236 830 0$aAgape.$0(OLS)http://semarc/title/419752 850 $aSeMil 852 $aSeMil$W1$xVenegono$y1$m3F I 403$j197691$B197691$CSeMilBibl$Z2$F208784 $81 996 $6020$a978-88-8123-928-3$9(OLS)http://semarc/number/256614 996 $6245$aRicchezza$9(OLS)http://semarc/title/349273 996 $6260$aMilano :$bIn Dialogo$9(OLS)http://semarc/publisher/31663 LEADER 01346nam a2200301 i 4500 001 000000116049 003 CaOOAMICUS 005 20030606000000.0 008 030606s2002 it u000 u ita u 013 $a88738 020 $a88-16-43320-5 040 $aSeMil$bita 100 1 $aGayą Estelrich, Jordi,$d<1948- >.$0(OLS)http://semarc/name/22614 245 10$aRaimondo Lullo :$buna teologia per la missione /$cJordi Gayą Estelrich. 260 $aMilano :$bJaca Book,$ccopyr. 2002. 260 $aMilano :$bISTeM : Jaca book,$ccopyr. 2002. 300 $a152 p. ;$c21 cm. 490 0 $aEreditą medievale : storia della teologia da Agostino a Erasmo da Rotterdam ;$v2./20 500 $aContiene : Bibliografia. 600 14$aLullo, Raimondo .$0(OLS)http://semarc/subject/11289 830 0$aEreditą medievale ;$v2./20.$0(OLS)http://semarc/title/422 850 $aSeMil 852 $aSeMil$W1$xVenegono$y1$m2N II 320$j71532$B71532$CSeMilBibl$Z2$F77010 $81 961 $aSottoscrizione: Jaca Book 996 $6020$a88-16-43320-5$9(OLS)http://semarc/number/100049 996 $6245$aRaimondo Lullo :$buna teologia per la missione$9(OLS)http://semarc/title/170099 996 $6260$aMilano :$bISTeM : Jaca book$9(OLS)http://semarc/publisher/29780 996 $6260$aMilano :$bJaca Book$9(OLS)http://semarc/publisher/29781